| 000 | nam a22 7a 4500 | ||
|---|---|---|---|
| 999 |
_c30327 _d30327 |
||
| 008 | 190516b xxu||||| |||| 00| 0 eng d | ||
| 020 | _a9789966792532 | ||
| 050 |
_aGR 350 _b.K4M3 2015 |
||
| 100 | _aWasamba, Peter. | ||
| 245 |
_aContemporary oral literature fieldwork : _b a reseacher's guide / _c Peter Wasamba. |
||
| 260 |
_aNairobi : _bUniversity of Nairobi, _c2015. |
||
| 300 |
_axxi,300p. : _bill. ; _c21cm. |
||
| 500 | _ainclude index. | ||
| 504 | _ainclude bibliographic references. | ||
| 650 | _aOral tradition | ||
| 650 | _aFolk literature, African. | ||
| 650 |
_aFolk literature _vStudy and teaching. |
||
| 942 |
_2lcc _cAFRICANA _hGR 350 .K4M3 2015 |
||